000 00541nam a22001817a 4500
999 _c183721
_d183721
005 20220103143953.0
010 _aENG-130864
020 _a978-93-5350-538-7
_c999.00
035 _aEN-114396
037 _bDBAD
082 _a530
100 _aSharma, B.M.
245 _aPhysics for JEE MAIN:
_cB.M. Sharma
260 _aDelhi
_bCengage Learning India Pvt. Ltd.
_c2017
270 _bDelhi
_e110091
_aT-303, 3rd Floor DAV Complex, Plot 3, Mayur Vihar Phase 1
300 _a1436p
_c27cm(pbk)
942 _2ddc
_cEN
_h530
_mSHA